| 000 | 00420nam a2200157 a 4500 | ||
|---|---|---|---|
| 005 | 20140310183208.0 | ||
| 008 | 030207s19uu xx 00 eng d | ||
| 050 |
_aPZ 7 _b.G822S90 1985 |
||
| 100 | _aGregory, Diana | ||
| 245 |
_aSweet Dreams : _btwo's a crowd / _cDiana Gregory. |
||
| 260 |
_aToronto : _bBantam Books, _c1985. |
||
| 300 |
_a135 p. : _c18 cm. |
||
| 650 | _aFiction | ||
| 942 |
_cBK _2lcc |
||
| 999 |
_c20045 _d20045 |
||